[Event "Berlin Lichtenberger Sommer 3th"]
[Site "Berlin"]
[Date "2004.08.19"]
[Round "6.64"]
[White "Musielak, Manfred"]
[Black "Zoellner, Rainer"]
[Result "0-1"]
[WhiteElo "1481"]
[BlackElo "1769"]
[PlyCount "56"]
[EventDate "2004.08.14"]
[EventType "swiss"]
[EventRounds "9"]
[EventCountry "GER"]
[SourceTitle "EXT 2022"]
[Source "ChessBase"]
[SourceDate "2021.10.06"]
[SourceVersion "1"]
[SourceVersionDate "2021.10.06"]
[SourceQuality "1"]

1. e4 e6 2. d4 d5 3. Nc3 Nf6 4. Bg5 dxe4 5. Nxe4 Nbd7 6. Nf3 Be7 7. Nxf6+ Nxf6 8. Bd3 h6 9. Bd2 0-0 10. Ne5 c5 11. c3 cxd4 12. cxd4 Qd5 13. Nf3 b6 14. 0-0 Bb7 15. Qe2 Rfd8 16. Rfe1 Qh5 17. Ne5 Qxe2 18. Rxe2 Rxd4 19. Bc3 Rdd8 20. Rd1 Nd5 21. Bd2 Bf6 22. f4 Ne7 23. Bb4 Nf5 24. Red2 Ne3 25. Rc1 Nd5 26. Ba3 Nxf4 27. Nxf7 Rxd3 28. Rxd3 Ne2+ 0-1

[Event "Berlin Lichtenberger Sommer 3th"]
[Site "Berlin"]
[Date "2004.08.17"]
[Round "4.70"]
[White "Prinz, Tade"]
[Black "Zoellner, Rainer"]
[Result "0-1"]
[WhiteElo "1529"]
[BlackElo "1769"]
[PlyCount "82"]
[EventDate "2004.08.14"]
[EventType "swiss"]
[EventRounds "9"]
[EventCountry "GER"]
[SourceTitle "EXT 2022"]
[Source "ChessBase"]
[SourceDate "2021.10.06"]
[SourceVersion "1"]
[SourceVersionDate "2021.10.06"]
[SourceQuality "1"]

1. f4 c5 2. e3 g6 3. Nf3 Bg7 4. c3 Nf6 5. Be2 0-0 6. d3 Nc6 7. e4 d6 8. Nbd2 b5 9. a3 Qb6 10. Nf1 a5 11. Be3 Ng4 12. h3 Nxe3 13. Nxe3 e6 14. Qd2 b4 15. axb4 cxb4 16. cxb4 Nxb4 17. Nc4 Qd8 18. 0-0 d5 19. exd5 exd5 20. Nce5 Qb6+ 21. d4 Bf5 22. g4 Be4 23. Nd7 Qd6 24. Nxf8 Bxf8 25. Rfc1 Bh6 26. g5 Bf8 27. Ne5 f6 28. gxf6 Qxf6 29. Rc3 Bd6 30. Ng4 Qh4 31. Rac1 Rf8 32. f5 Na2 33. Nh6+ Kg7 34. Rc7+ Kh8 35. R7c3 Nxc1 36. Qxc1 Bf4 37. Nf7+ Rxf7 38. Rc8+ Kg7 39. f6+ Qxf6 40. Qc3 Bh2+ 41. Kxh2 Qf2# 0-1

[Event "Berlin Lichtenberger Sommer 3th"]
[Site "Berlin"]
[Date "2004.08.14"]
[Round "1.26"]
[White "Zoellner, Rainer"]
[Black "Haemmerlein, Thomas"]
[Result "0-1"]
[WhiteElo "1769"]
[BlackElo "2158"]
[PlyCount "95"]
[EventDate "2004.08.14"]
[EventType "swiss"]
[EventRounds "9"]
[EventCountry "GER"]
[SourceTitle "EXT 2022"]
[Source "ChessBase"]
[SourceDate "2021.10.06"]
[SourceVersion "1"]
[SourceVersionDate "2021.10.06"]
[SourceQuality "1"]

1. e4 c5 2. Nc3 g6 3. f4 Bg7 4. Nf3 Nc6 5. Bc4 e6 6. f5 Na5 7. Be2 Ne7 8. fxe6 fxe6 9. 0-0 0-0 10. Qe1 d5 11. d3 Nac6 12. Qh4 dxe4 13. dxe4 Nd4 14. Bg5 Nxf3+ 15. gxf3 Qd4+ 16. Kg2 Nc6 17. Nd1 Qa4 18. c3 b6 19. Ne3 Ne5 20. Ng4 Nxg4 21. Qxg4 e5 22. b3 Qa3 23. Qh4 Be6 24. Bc1 Qa5 25. Bb2 Rae8 26. Rfd1 Rf4 27. Qe1 b5 28. b4 Qb6 29. Bc1 cxb4 30. cxb4 Rf7 31. Bb2 Ref8 32. Qg3 h5 33. Qf2 Qb8 34. Kh1 g5 35. Qg3 g4 36. fxg4 Rf2 37. Rd2 Qb7 38. Qd3 Bc4 39. Qc2 Kh8 40. Rad1 Bxe2 41. Rxe2 Rxe2 42. Qxe2 Rf4 43. Rd5 Qf7 44. Bxe5 Rxg4 45. Bxg7+ Kxg7 46. Rf5 Qg6 47. h3 Rg1+ 48. Kh2 0-1

[Event "Berlin Kreuzberg op 5th"]
[Site "Berlin"]
[Date "2004.06.26"]
[Round "1"]
[White "Lahtela, Silvio"]
[Black "Zoellner, Rainer"]
[Result "1-0"]
[WhiteElo "2243"]
[BlackElo "1884"]
[PlyCount "43"]
[EventDate "2004.06.26"]
[EventType "swiss"]
[EventRounds "9"]
[EventCountry "GER"]
[SourceTitle "EXT 2022"]
[Source "ChessBase"]
[SourceDate "2021.10.06"]
[SourceVersion "1"]
[SourceVersionDate "2021.10.06"]
[SourceQuality "1"]

1. d4 e6 2. c4 Nf6 3. Nc3 Bb4 4. f3 0-0 5. e4 c5 6. d5 d6 7. Bd3 exd5 8. cxd5 Nbd7 9. Nge2 a6 10. 0-0 Ne5 11. Bc2 b5 12. Bg5 h6 13. Bh4 Nc4 14. Qc1 Re8 15. f4 Bb7 16. e5 dxe5 17. fxe5 Nxe5 18. Bxf6 gxf6 19. Qxh6 Ng6 20. Bxg6 fxg6 21. Qxg6+ Kh8 22. Rf4 1-0